000 00617cam a22002053a 4500
001 39680
003 PGUSA
005 20140828083900.0
008 120512s2012||||xxu|||||s|||||000 | eng d
040 _aPGUSA
_beng
042 _adc
100 1 _aJameson,
_cMrs
_q(Anna),
_d1794-1860
245 1 2 _aA Commonplace Book of Thoughts, Memories, and Fancies. :
_b2nd ed.
_h[electronic resource] /
_cJameson,
260 _bProject Gutenberg,
_c2012
506 _aPublic domain in the USA.
516 _aElectronic text
830 0 _aProject Gutenberg
_v39680
856 4 0 _uhttp://www.gutenberg.org/ebooks/39680
942 _cEB
999 _c268933
_d268933